[Event "Challenge"]
[Site "http://www.queenalice.com/game.php?id=744979"]
[Date "2010.3.12"]
[Round "-"]
[White "lennygabin"]
[Black "Antunesbruno"]
[Result "0-1"]
[WhiteElo "1561"]
[BlackElo "1833"]

1. e4 c5 2. Qh5 e6 3. Nf3 Nf6 4. Qh4 Be7 5. d3 Nc6 6. Be2 d5 7. c3 O-O 8. e5 Nd7
9. Bg5 h6 10. Bxe7 Qxe7 11. Na3 Qxh4 12. Nxh4 Ncxe5 13. O-O a6 14. d4 cxd4 15.
cxd4 Nc6 16. Nc2 Nf6 17. Nf3 Bd7 18. Ne5 Nxe5 19. dxe5 Ne4 20. Rad1 Rac8 21. Ne3
f6 22. f3 Ng5 23. exf6 Rxf6 24. Ng4 Rff8 0-1

[Event "Challenge"]
[Site "http://www.queenalice.com/game.php?id=746856"]
[Date "2010.3.16"]
[Round "-"]
[White "lennygabin"]
[Black "filipewao"]
[Result "0-1"]
[WhiteElo "1556"]
[BlackElo "1586"]

1. e4 e5 2. Qh5 Nf6 3. Qxe5+ Be7 4. d4 O-O 5. Nc3 Nc6 6. Qg3 Nxd4 7. Bd3 c5 8.
e5 Nh5 9. Qh3 c4 10. Be4 d5 11. Qxh5 h6 12. Nh3 dxe4 13. O-O Nxc2 14. Rb1 a6 15.
Rd1 Qb6 16. Nd5 Qd8 17. Ne3 Nd4 18. Nxc4 Bxh3 19. Qxh3 b5 20. Qe3 Bc5 21. Nd6 f6
22. Qxe4 Ne6 23. Qg6 Bxd6 24. Bxh6 fxe5 25. Qxe6+ Kh8 26. Rxd6 Qc7 27. Qxe5 Rae8
28. Bxg7+ Qxg7 29. Qxg7+ Kxg7 30. Rxa6 Re5 31. Rd1 Rfe8 32. Kf1 Re2 33. b4 Rb2
34. g3 Rxb4 35. Kg2 Re2 36. a3 Rbb2 37. Rd7+ Kf8 38. Rf6+ Ke8 39. Rd5 Ke7 40.
Rf4 Re1 41. h4 Ra1 42. h5 Rxa3 43. h6 Ra8 44. g4 b4 45. g5 b3 46. h7 Re2 47. g6
b2 48. Rb5 Kd6 49. g7 Ra1 50. g8=Q b1=Q 51. Rf6+ Kd7 52. Rxb1 Rxb1 53. h8=Q Re8
54. Qd5+ Ke7 0-1

[Event "Challenge"]
[Site "http://www.queenalice.com/game.php?id=935826"]
[Date "2011.5.8"]
[Round "-"]
[White "lennygabin"]
[Black "FabRennes"]
[Result "1-0"]
[WhiteElo "1541"]
[BlackElo "1094"]

1. e4 g5 2. Qh5 Nf6 3. Qxg5 Nxe4 4. Qe5 Nd6 5. Qxh8 f6 6. d3 Nf7 7. Qxh7 Nh6 8.
Bxh6 c5 9. Nc3 b6 10. Be2 d6 11. Bxf8 e5 12. Bh5+ Kxf8 13. Qf7# 1-0

[Event "Challenge"]
[Site "http://www.queenalice.com/game.php?id=940293"]
[Date "2011.5.19"]
[Round "-"]
[White "lennygabin"]
[Black "eloy"]
[Result "1-0"]
[WhiteElo "1541"]
[BlackElo "1493"]

1. e4 e5 2. Qh5 d6 3. Bc4 g6 4. Qf3 Nf6 5. d3 Nc6 6. Bg5 Bg7 7. Nc3 Nd4 8. Qd1
h6 9. Bxf6 Qxf6 10. Nd5 Qd8 11. c3 c6 12. cxd4 cxd5 13. Bxd5 exd4 14. Qb3 O-O
15. Ne2 Qb6 16. O-O Qc7 17. f4 Bg4 18. Rac1 Qb6 19. Ng3 Qxb3 20. axb3 Rab8 21.
f5 Kh7 22. h3 Bh5 23. Rc7 Kg8 24. f6 Bh8 25. Bxb7 Bxf6 26. Rxf6 Kg7 27. Rxd6
Rbd8 28. e5 Rxd6 29. exd6 Bd1 30. Rc8 Bxb3 31. d7 Be6 32. d8=Q Bxc8 33. Qxd4+ f6
34. Qxa7 Rf7 35. Ne4 Bxb7 36. Nd6 1-0

[Event "Challenge"]
[Site "http://www.queenalice.com/game.php?id=940294"]
[Date "2011.5.19"]
[Round "-"]
[White "jbumgarjr"]
[Black "lennygabin"]
[Result "1-0"]
[WhiteElo "1642"]
[BlackElo "1547"]

1. d4 e6 2. Nf3 Qf6 3. e3 d5 4. c4 Ne7 5. Nc3 g6 6. cxd5 exd5 7. Bb5+ c6 8. Ba4
b5 9. Bb3 Bg7 10. O-O O-O 11. h3 Bf5 12. Ne5 b4 13. Na4 Na6 14. a3 Rac8 15. Bd2
c5 16. Nd7 Rfe8 17. Nxf6+ Bxf6 18. Rc1 bxa3 19. bxa3 c4 20. Ba2 Nc6 21. Rb1 Bxb1
22. Bxb1 Na5 23. Bxa5 c3 24. Nxc3 Bd8 25. Qa4 Kg7 26. Qxe8 1-0

[Event "Challenge"]
[Site "http://www.queenalice.com/game.php?id=940727"]
[Date "2011.5.21"]
[Round "-"]
[White "Admilton"]
[Black "lennygabin"]
[Result "0-1"]
[WhiteElo "1625"]
[BlackElo "1543"]

1. Nf3 d5 2. h3 Qd6 3. d4 Nf6 4. e3 Nc6 5. a3 Ne4 6. Qe2 Bd7 7. Qd3 Na5 8. Nc3
Nc4 9. Nb5 Bxb5 10. Qb3 c6 11. Bxc4 dxc4 12. Qa2 c3 13. b4 g6 14. a4 Ba6 15. Qb3
b6 16. Ne5 Qf6 17. f3 Qh4+ 18. Kd1 Nf2+ 19. Ke1 Nxh1+ 20. Kd1 Qf2 21. Qxf7+ Kd8
22. Nd3 Qxg2 23. Ne1 Qe2# 0-1

[Event "Challenge"]
[Site "http://www.queenalice.com/game.php?id=941014"]
[Date "2011.5.21"]
[Round "-"]
[White "jbumgarjr"]
[Black "lennygabin"]
[Result "1-0"]
[WhiteElo "1639"]
[BlackElo "1535"]

1. d4 e6 2. Nf3 d5 3. e3 Nf6 4. c4 Ne4 5. Nbd2 Bb4 6. a3 Bd6 7. c5 Be7 8. Nxe4
dxe4 9. Ne5 O-O 10. g3 f6 11. Nc4 b6 12. c6 Nxc6 13. Bg2 b5 14. Nd2 Na5 15. Nxe4
Qd5 16. Bd2 Nc4 17. Nxf6+ Bxf6 18. Bxd5 exd5 19. Qc1 Bh3 20. Bb4 Rfc8 21. Bc5
Na5 22. f3 Nb3 23. Qb1 Nxa1 24. Qxa1 a5 25. b3 Re8 26. g4 1-0

[Event "Challenge"]
[Site "http://www.queenalice.com/game.php?id=941016"]
[Date "2011.5.21"]
[Round "-"]
[White "robertson"]
[Black "lennygabin"]
[Result "0-1"]
[WhiteElo "1572"]
[BlackElo "1523"]

1. e4 e5 2. Nf3 Nc6 3. a3 Nf6 4. Bd3 Nh5 5. b4 Nf4 6. g3 Nxd3+ 7. cxd3 d5 8. Bb2
Bg4 9. h3 Be6 10. Nc3 Nd4 11. Nxd4 exd4 12. Ne2 c5 13. bxc5 Bxc5 14. f3 dxe4 15.
dxe4 O-O 16. d3 Qa5+ 17. Kf1 Qb6 18. Qd2 Bb3 19. Kg2 Qc7 20. Qg5 Be7 21. Qg4 Qc2
22. Bxd4 Qxe2+ 23. Kg1 g6 24. Rh2 Qxd3 25. Bb2 Rad8 26. Rc1 Qe3+ 27. Kh1 Bd1 28.
Qf4 Bxf3+ 29. Rg2 Bxg2+ 30. Kxg2 Qe2+ 31. Kg1 Qxb2 32. Rf1 Bc5+ 33. Kh1 Rd2 34.
h4 Rh2# 0-1

[Event "Challenge2"]
[Site "http://www.queenalice.com/game.php?id=944682"]
[Date "2011.5.31"]
[Round "-"]
[White "lennygabin"]
[Black "FabRennes"]
[Result "1-0"]
[WhiteElo "1542"]
[BlackElo "1128"]

1. e4 e5 2. d4 exd4 3. Qxd4 Nc6 4. Qe3 d6 5. Bc4 Ne5 6. b3 Nf6 7. h3 c5 8. f4
Qa5+ 9. Bd2 Qb6 10. fxe5 dxe5 11. Nc3 a5 12. Nd5 Nxd5 13. exd5 f6 14. O-O-O a4
15. bxa4 Rxa4 16. Qd3 Bd7 17. Ne2 h6 18. Rhe1 g5 19. Qg6+ Ke7 20. Bb3 Be8 21.
Qd3 c4 22. Bxc4 Rxc4 23. Qxc4 Qf2 24. Qc7+ Bd7 25. Ba5 Qe3+ 26. Kb1 Bg7 27. Nc3
Qg3 28. d6+ Ke6 29. Qxb7 Rc8 30. Qd5+ Kf5 31. Qf7 Rxc3 32. Rf1+ Ke4 33. Qd5+ Ke3
34. Bxc3 Bf5 35. d7 Bxc2+ 36. Kxc2 e4 37. Qd2# 1-0

[Event "VOLTAIREGAME"]
[Site "http://www.queenalice.com/game.php?id=952540"]
[Date "2011.6.21"]
[Round "-"]
[White "lennygabin"]
[Black "RAMIROCHE"]
[Result "0-1"]
[WhiteElo "1544"]
[BlackElo "1475"]

1. e4 c5 2. Qh5 Nf6 3. Qxc5 Nxe4 4. Qe3 d5 5. Nc3 Nxc3 6. dxc3 Nc6 7. Nf3 g6 8.
b3 Bg7 9. Bb2 e5 10. g3 Bd7 11. c4 Bf5 12. Nxe5 Nxe5 13. Bxe5 O-O 14. O-O-O Re8
15. Rxd5 Qe7 16. c5 Bxe5 17. Rxe5 Qxe5 18. Bg2 Qa1+ 19. Kd2 Rad8+ 20. Ke2 Rxe3+
21. Kxe3 Qe5+ 22. Kf3 Qe4# 0-1

[Event "Challenge"]
[Site "http://www.queenalice.com/game.php?id=953045"]
[Date "2011.6.23"]
[Round "-"]
[White "lennygabin"]
[Black "Admilton"]
[Result "0-1"]
[WhiteElo "1555"]
[BlackElo "1625"]

1. e4 e5 2. d4 c6 3. Qh5 d6 4. Bc4 Qe7 5. Nf3 g6 6. Qh4 b5 7. Bg5 f6 8. dxe5
fxg5 9. Nxg5 bxc4 10. exd6 Qxd6 11. Nc3 Qb4 12. Rb1 Be7 13. Qf4 Nf6 14. a3 Qc5
15. O-O Rf8 16. Rfe1 Ng4 17. Qc7 Na6 18. Na4 Qxf2+ 0-1

[Event "Challenge"]
[Site "http://www.queenalice.com/game.php?id=954706"]
[Date "2011.6.28"]
[Round "-"]
[White "WeffersoN_1988"]
[Black "lennygabin"]
[Result "1-0"]
[WhiteElo "1100"]
[BlackElo "1542"]

1. e4 e5 2. Bc4 Qh4 3. Nf3 Qxe4+ 4. Qe2 d5 5. Qxe4 dxe4 6. Nxe5 Nf6 7. Nxf7 Rg8
8. Ng5 h6 9. Nxe4 Rh8 10. d3 Nbd7 11. O-O b6 12. Re1 Nxe4 13. Rxe4+ Be7 14. Nc3
Bb7 15. Nd5 Bxd5 16. Bxd5 O-O-O 17. Rxe7 c6 18. Bxc6 Ne5 19. Rxe5 Rd6 20. Bb5
Rd4 21. a4 Kc7 22. Re7+ Kd6 23. Rd7+ Kc5 24. Be3 h5 25. Rb1 Ra8 26. b4# 1-0

[Event "Challenge"]
[Site "http://www.queenalice.com/game.php?id=955524"]
[Date "2011.6.30"]
[Round "-"]
[White "eloy"]
[Black "lennygabin"]
[Result "1-0"]
[WhiteElo "1740"]
[BlackElo "1547"]

1. e4 e5 2. Nf3 Nf6 3. Bc4 Qe7 4. Nc3 Nc6 5. Ng5 Qb4 6. Bxf7+ Kd8 7. O-O d5 8.
exd5 Ne7 9. Be6 h6 10. Nf7+ Ke8 11. Nxh8 b6 12. Nf7 Nexd5 13. Bxc8 Kxf7 14. Nxd5
Nxd5 15. Qf3+ Nf4 16. Qxa8 Ne2+ 17. Kh1 Qe7 18. Qd5+ Kg6 19. Qe4+ Kf7 20. Qxe2
Kg8 21. Qg4 c5 22. Qe6+ Qxe6 23. Bxe6+ Kh8 24. d3 g5 25. Re1 Kg7 26. Rxe5 Kf6
27. f4 gxf4 28. Bxf4 Bd6 29. Rf5+ Kxe6 30. Bxd6 Kxf5 31. Rf1+ Ke6 32. Bb8 Kd5
33. Bxa7 b5 34. Rf5+ Kc6 35. Rxc5+ Kb7 36. Kg1 Kxa7 37. Rc6 Kb7 38. Rxh6 Kc7 39.
Kf2 Kd7 40. Kf3 Ke7 41. Kf4 Kf7 42. Kf5 Ke7 43. b4 Kd7 44. Ke5 Kc7 45. Kd5 Kd7
46. Rh7+ Ke8 47. Kd6 Kf8 48. Ke6 Kg8 49. Ra7 Kf8 50. Rb7 Ke8 51. Rb8# 1-0

[Event "Challenge3"]
[Site "http://www.queenalice.com/game.php?id=958266"]
[Date "2011.7.8"]
[Round "-"]
[White "FabRennes"]
[Black "lennygabin"]
[Result "0-1"]
[WhiteElo "1208"]
[BlackElo "1544"]

1. e4 e5 2. Nf3 Nf6 3. d3 d5 4. c3 Be6 5. Qa4+ Nc6 6. Nxe5 Bd7 7. Qb5 Nxe5 8.
Qa5 c5 9. Qxd8+ Rxd8 10. Bg5 dxe4 11. dxe4 c4 12. f4 Nd3+ 13. Ke2 Bg4+ 14. Kd2
Nf2+ 15. Kc2 Nxh1 16. Bxc4 Be7 17. Bb5+ Bd7 18. Na3 Nf2 19. e5 N6g4 20. f5 Bxg5
21. e6 Ne3+ 22. Kb3 fxe6 23. fxe6 Bxb5 24. Nxb5 O-O 25. Nxa7 Rfe8 0-1

[Event "Challenge"]
[Site "http://www.queenalice.com/game.php?id=959688"]
[Date "2011.7.12"]
[Round "-"]
[White "pedroingles"]
[Black "lennygabin"]
[Result "1-0"]
[WhiteElo "1762"]
[BlackElo "1539"]

1. d4 Nf6 2. c4 d5 3. Nf3 e6 4. Nc3 dxc4 5. e4 Nc6 6. Bxc4 Na5 7. Qe2 Qd7 8. O-O
a6 9. Bf4 b5 10. Bd3 Nh5 11. Qe3 Nf6 12. d5 Ng4 13. Qd4 Bd6 14. Ne5 c5 15. Qxc5
Nxe5 16. Qd4 O-O 17. Bxe5 b4 18. Ne2 exd5 19. Bxd6 Qxd6 20. Qxd5 Nb7 21. Qxd6
Nxd6 22. f3 Bd7 23. Rfc1 Bb5 24. Bxb5 axb5 25. Nf4 Rfe8 26. b3 g5 27. Nd5 Rec8
28. Ne7+ Kf8 29. Nxc8 Nxc8 30. Rc2 Nd6 31. Rac1 Ke7 32. Kf2 Ke6 33. g4 Ke5 34.
Ke3 Rh8 35. Rc5+ Ke6 36. e5 Nb7 37. Rxb5 f5 38. Rxb7 fxg4 39. fxg4 Rd8 40. Ke4
Rd2 41. Rc6+ Rd6 42. Rxd6# 1-0

[Event "Challenge"]
[Site "http://www.queenalice.com/game.php?id=959689"]
[Date "2011.7.12"]
[Round "-"]
[White "lennygabin"]
[Black "pedroingles"]
[Result "0-1"]
[WhiteElo "1518"]
[BlackElo "1758"]

1. e4 c5 2. d4 cxd4 3. Qxd4 Nc6 4. Qe3 e5 5. Bd3 Nf6 6. Ne2 Bb4+ 7. c3 Ba5 8.
Qg3 O-O 9. O-O d5 10. Bh6 Nh5 11. Qf3 Nf6 12. Qg3 Nh5 13. Bg5 f6 14. Qh4 fxg5
15. Qxh5 d4 16. b4 Bc7 17. Nd2 Be6 18. cxd4 Bf7 19. Qh3 Bd6 20. Nf3 Qe7 21. Nxe5
Nxe5 22. dxe5 Bxe5 23. Rab1 Bxa2 24. Rb2 Bxb2 25. e5 h6 26. Qf5 Rxf5 27. Bxf5
Bc4 28. Rb1 Bxe5 29. Nc1 Bf6 30. g3 b5 31. Kg2 a5 32. bxa5 Rxa5 33. Kh3 Be6 34.
Bxe6+ Qxe6+ 35. Kg2 Qe4+ 36. Kh3 Qxb1 37. Ne2 Qf1+ 38. Kg4 Qxe2+ 39. Kh3 Qxf2
40. Kg4 Qxh2 41. Kf3 Ra4 42. g4 Qf4+ 43. Ke2 Qg3 44. Kd2 Ra2+ 45. Kd1 Qg1# 0-1

[Event "Challenge"]
[Site "http://www.queenalice.com/game.php?id=961134"]
[Date "2011.7.17"]
[Round "-"]
[White "lennygabin"]
[Black "PitBullLoko"]
[Result "1-0"]
[WhiteElo "1525"]
[BlackElo "1612"]

1. e4 e5 2. Qh5 Nc6 3. Bc4 g6 4. Qf3 Nf6 5. d3 Nd4 6. Qd1 d5 7. exd5 Nxd5 8. c3
Nc6 9. Qf3 Be6 10. Nh3 Bg7 11. Ng5 Qf6 12. Bxd5 O-O-O 13. Bxe6+ fxe6 14. Nf7 e4
15. dxe4 Rhf8 16. Nxd8 Qxd8 17. Bf4 Ne5 18. Qe3 Nd3+ 19. Kf1 Nxf4 20. Nd2 Qd3+
21. Qxd3 Nxd3 22. Nf3 Nxb2 23. Ng5 Bxc3 24. Nxe6 Re8 25. Rc1 Ba5 26. Ng5 Re5 27.
Nxh7 Rxe4 28. g3 Nd3 29. Rd1 Re1+ 30. Kg2 Re7 31. Rxd3 Rxh7 32. Rhd1 c6 33. f4
Re7 34. Rd6 Re2+ 35. Kh3 Bc7 36. Rxg6 Re8 37. f5 Rd8 38. Rxd8+ Bxd8 39. Rg8 Kd7
40. g4 Bf6 41. Ra8 1-0

[Event "Challenge"]
[Site "http://www.queenalice.com/game.php?id=965238"]
[Date "2011.7.26"]
[Round "-"]
[White "Admilton"]
[Black "lennygabin"]
[Result "1-0"]
[WhiteElo "1580"]
[BlackElo "1532"]

1. Nf3 d5 2. h3 Qd6 3. d4 Nc6 4. a3 Nf6 5. e3 e5 6. Bb5 a6 7. Bxc6+ bxc6 8. dxe5
Qe6 9. exf6 Qxf6 10. Bd2 Qxb2 11. Bc3 Qb6 12. Bd4 Qb5 13. Ne5 Be6 14. Nc3 Qb7
15. Qf3 c5 16. Rb1 Qa7 17. Nc6 cxd4 18. Nxa7 dxc3 19. Nc6 Bxa3 20. Qg3 Bf5 21.
Qxc7 O-O 22. Rb8 Raxb8 23. Nxb8 Bb2 24. Kd1 g6 25. Nxa6 Ra8 26. Qc6 Rd8 27. Nb4
d4 28. e4 Bd7 29. Qd5 Ba4 30. Qxd8+ Kg7 31. Qxd4+ Kh6 32. Nd3 Ba3 33. Qxa4 1-0

[Event "Challenge4"]
[Site "http://www.queenalice.com/game.php?id=973399"]
[Date "2011.8.17"]
[Round "-"]
[White "lennygabin"]
[Black "FabRennes"]
[Result "0-1"]
[WhiteElo "1512"]
[BlackElo "1252"]

1. e4 e5 2. d3 Nc6 3. Ne2 Bb4+ 4. Nbc3 d6 5. Ng3 Nf6 6. Bg5 Nd4 7. a3 Bg4 8. f3
h6 9. axb4 hxg5 10. fxg4 Qd7 11. Na4 Qb5 12. c3 O-O-O 13. cxd4 Qxb4+ 14. Nc3
Qxb2 15. Na4 Qxd4 16. Nf5 Qb4+ 17. Kf2 Nxg4+ 18. Qxg4 Qd2+ 19. Kg1 Rh4 20. Nxh4+
Kb8 21. h3 gxh4 22. Qxh4 Qe3+ 23. Qf2 Qd4 24. Qxd4 exd4 25. Kh2 d5 26. Nc5 g5
27. Be2 Rh8 28. Nd7+ Kc8 29. Nf6 dxe4 30. Nxe4 Rg8 31. Rxa7 f5 32. Ra8+ Kd7 0-1